Statistics for Doctor Who Trivia

Click here to take the quiz!

General Stats

  • This quiz has been taken 6,143 times
    (6,139 since last reset)
  • The average score is 12 of 15

Answer Stats

Hint Answer % Correct
What is the name of the Doctor's spacecraft?TARDIS
99%
What kind of alien is the Doctor?Time Lord
95%
How many Doctors have their been?11
94%
Which Doctor says "Bowties are cool"Matt Smith
94%
What is his handiest tool called?Sonic Screwdriver
94%
Weeping Angels: Whatever you do don't...Blink
93%
Who portrayed the 10th Doctor?David Tennant
93%
Who is Billie Piper's character?Rose Tyler
92%
What planet is the Doctor from?Gallifrey
86%
Who is the Doctor's Wife?River Song
86%
How is the Doctor reborn?Regeneration
85%
When did the show Doctor Who start?1963
77%
What actor plays Rory Williams?Arthur Darvill
58%
Who portrayed the 3rd Doctor?Jon Pertwee
46%
What actress played Sarah Jane Smith?Elisabeth Sladen
39%

Score Distribution

Percentile by Number Answered

Percent of People with Each Score

Your Score History

You have not taken this quiz since the last reset